| 000 | 00631cam a2200169 4500 | ||
|---|---|---|---|
| 001 | L130229 | ||
| 008 | 050526n2005 000 0 eng u | ||
| 035 | _a(Sirsi) u130229 | ||
| 041 | _aeng | ||
| 050 |
_a347.4107 _c18 |
||
| 110 |
_aCivil Justice Council _94749 |
||
| 245 | _aProtocol for the instruction of experts to give evidence in civil claims | ||
| 260 |
_aLondon _bExpert Witness Institute _c2005 |
||
| 690 | _aMANAGEMENT-DISPUTE AVOIDANCE, MANAGEMENT AND RESOLUTION-DISPUTE MANAGEMENT AND RESOLUTION-EXPERT WITNESSES | ||
| 856 |
_uhttps://www.ewi.org.uk/ _zView the item free of charge at www.ewi.org.uk... |
||
| 942 | _n0 | ||
| 999 |
_c104403 _d104403 |
||